| 000 | 00359nam a22001337a 4500 | ||
|---|---|---|---|
| 082 |
_a297.122521 _bMOD |
||
| 100 | _aSyed Abul Aala Modoudi | ||
| 245 |
_aTafheem ul Quran Surah Al Kahf to Surah Alroom _cSyed Abul Aala Modoudi |
||
| 250 | _aVol-3 | ||
| 260 |
_aLahore _bServices Book Club _c1987 |
||
| 300 | _a824p | ||
| 563 | _aHB | ||
| 942 |
_2ddc _cBK |
||
| 999 |
_c592035 _d592035 |
||